000 00416pab a2200157 454500
008 180718b2012 xxu||||| |||| 00| 0 eng d
100 _aOm, Vikas
245 _aConvergence of vocational and academic streams for quality skill base: Issue and prospects
260 _c2012
300 _ap.1-7.
362 _a23 Jan
650 _aVocational education
773 _aUniversity News
908 _aN
909 _a94676
999 _c94676
_d94676